Statistics for Closest Capitals To South Pole

Click here to take the quiz!

General Stats

  • This quiz has been taken 30 times
  • The average score is 7 of 10

Answer Stats

kmAnswer% Correct
3374Wellington
97%
3788Canberra
93%
3815Montevideo
90%
3834Buenos Aires
90%
3915Santiago
86%
4439Pretoria
83%
4470Asuncion
59%
4423Maputo
55%
4399Mbabane
48%
4192Maseru
38%

Score Distribution

Percentile by Number Answered

Percent of People with Each Score

Your Score History

You have not taken this quiz